| 000 | 00493nmm a2200157Ia 4500 | ||
|---|---|---|---|
| 008 | 251105s9999||||xx |||||||||||||||||und|| | ||
| 020 | _a9788490001035 | ||
| 041 | _aspa | ||
| 100 | _aCarrington, Tori | ||
| 245 | 0 | _aSesiones privadas/Asuntos privados/Negociaciones privadas | |
| 264 |
_a[Madrid, España] : _bHarlequin, _c[Fecha de publicación no identificada] |
||
| 300 | _a0 páginas | ||
| 650 | _aErotic novel | ||
| 856 | _uhttps://public.digitaliapublishing.com/a/96155 | ||
| 942 | _cCF | ||
| 999 |
_c87146 _d87146 |
||